[Event "Open Tabor 2019"]
[Site "?"]
[Date "2019.07.29"]
[Round "1.35"]
[White "Slaby, Matej"]
[Black "Pavlicek, Petr"]
[Result "0-1"]
[WhiteElo "1164"]
[BlackElo "1828"]
[PlyCount "40"]
[SourceDate "2019.07.29"]

1. c4 Nf6 2. b3 g6 3. Bb2 Bg7 4. e3 O-O 5. d3 c5 6. Nf3 Nc6 7. Nbd2 Re8 8. a3
e5 9. Qc2 d6 10. Be2 a6 11. O-O Qe7 12. Rad1 Bd7 13. Rfe1 Ng4 14. Bf1 f5 15. e4
f4 16. g3 Rf8 17. Bg2 h5 18. Bh3 Kh7 19. Kg2 Nxf2 20. Bxd7 Nxd1 0-1

[Event "Open Tabor 2019"]
[Site "?"]
[Date "2019.07.31"]
[Round "5.1"]
[White "Loskot, Petr"]
[Black "Nehyba, Martin"]
[Result "1/2-1/2"]
[WhiteElo "1999"]
[BlackElo "2090"]
[PlyCount "95"]
[SourceDate "2019.07.29"]

1. e4 c5 2. Nf3 Nc6 3. Bb5 e6 4. O-O Nge7 5. c3 a6 6. Ba4 d5 7. exd5 Qxd5 8. d4
b5 9. c4 Qd6 10. cxb5 Nxd4 11. Nc3 Nef5 12. bxa6+ Bd7 13. Bxd7+ Qxd7 14. Ne5
Qc7 15. Qa4+ Kd8 16. Nc4 Qc6 17. Qa5+ Qc7 18. Nb6 Nc6 19. Rd1+ Nfd4 20. Qb5 Rb8
21. Bf4 Bd6 22. Bxd6 Qxd6 23. Qa4 Qc7 24. a7 Nxa7 25. Rxd4+ cxd4 26. Qxd4+ Ke8
27. Qxg7 Rf8 28. Nbd5 exd5 29. Re1+ Kd7 30. Nxd5 Qd6 31. Rd1 Kc6 32. Qc3+ Kb7
33. Qa5 Rfc8 34. Ne3 Qc6 35. b4 Nb5 36. a4 Na7 37. b5 Qb6 38. Qb4 Ka8 39. Nd5
Qe6 40. Qd4 Rb7 41. b6 Nc6 42. Qd3 Rd8 43. Nc7+ Rxc7 44. Qa6+ Kb8 45. bxc7+
Kxc7 46. Rc1 Qd5 47. Qa7+ Kc8 48. Qa6+ 1/2-1/2

[Event "Open Tabor 2019"]
[Site "?"]
[Date "2019.07.31"]
[Round "5.2"]
[White "Den Boer, Lennard"]
[Black "Lys, Josef"]
[Result "0-1"]
[WhiteElo "2146"]
[BlackElo "2149"]
[PlyCount "80"]
[SourceDate "2019.07.29"]

1. e4 c5 2. c3 d5 3. exd5 Qxd5 4. d4 cxd4 5. cxd4 Nc6 6. Nf3 e6 7. Be2 Nf6 8.
O-O Be7 9. Nc3 Qd8 10. Bg5 O-O 11. Qd2 Nd5 12. Bxe7 Ncxe7 13. Rfe1 b6 14. Bd3
Bb7 15. Ne5 Ng6 16. Be4 Rb8 17. Nxd5 Bxd5 18. Nc6 Bxc6 19. Bxc6 Qd6 20. Be4
Rfd8 21. Rad1 Ne7 22. Re3 Nd5 23. Rh3 Nf6 24. Bc2 Rbc8 25. Bb3 Rc7 26. Qg5 Rc5
27. Qe3 Rb5 28. Qe2 Rb4 29. Rhd3 h6 30. d5 Re4 31. Qf3 Qe5 32. Re3 Rxe3 33.
fxe3 exd5 34. Rd2 Rc8 35. g3 Rc1+ 36. Kg2 Rb1 37. Qe2 Qe4+ 38. Kh3 g5 39. g4
Re1 40. Qxe1 Qxg4# 0-1

[Event "Open Tabor 2019"]
[Site "?"]
[Date "2019.07.31"]
[Round "5.3"]
[White "Parak, Dominik"]
[Black "Heinzel, Olaf"]
[Result "0-1"]
[WhiteElo "2090"]
[BlackElo "2321"]
[PlyCount "101"]
[SourceDate "2019.07.29"]

1. e4 d5 2. exd5 Qxd5 3. d4 e5 4. dxe5 Qxd1+ 5. Kxd1 Nc6 6. f4 Bg4+ 7. Be2
O-O-O+ 8. Ke1 Be6 9. c3 f6 10. Nf3 Nh6 11. Nbd2 fxe5 12. Nxe5 Nxe5 13. fxe5 Nf7
14. Nf3 Bc5 15. b4 Bb6 16. a4 a5 17. Bf4 Rhe8 18. Rf1 h6 19. h3 Bd5 20. Bb5 c6
21. Bd3 Bb3 22. Bf5+ Kb8 23. Bg6 Ka8 24. Nd2 Bd5 25. Bg3 Re7 26. Bxf7 Bxf7 27.
bxa5 Bxa5 28. Rf3 Bd5 29. Rd3 Bxg2 30. Rxd8+ Bxd8 31. h4 Bd5 32. c4 Bf7 33. Ra3
Ba5 34. Ke2 g5 35. hxg5 hxg5 36. Rd3 Bc7 37. Re3 Bb6 38. Rd3 Bg6 39. Ra3 g4 40.
a5 Bd4 41. a6 b6 42. Nf1 Bf7 43. Kd3 Bxe5 44. Bxe5 Rxe5 45. Kd4 Re1 46. Ne3 c5+
47. Ke4 Bxc4 48. Kf4 Be6 49. a7 Rb1 50. Ke5 Rb3 51. Rxb3 0-1

[Event "Open Tabor 2019"]
[Site "?"]
[Date "2019.07.31"]
[Round "5.4"]
[White "Borkovec, Milan"]
[Black "Michalcak, Lubomir"]
[Result "1-0"]
[WhiteElo "2253"]
[BlackElo "2031"]
[PlyCount "67"]
[SourceDate "2019.07.29"]

1. d4 Nf6 2. c4 c5 3. d5 b5 4. a4 bxc4 5. Nc3 g6 6. e4 d6 7. Bxc4 Bg7 8. Nf3
O-O 9. Nd2 e6 10. O-O exd5 11. exd5 Nbd7 12. a5 Re8 13. Bb5 a6 14. Bc6 Rb8 15.
Nc4 Ne5 16. Bxe8 Nxc4 17. Bc6 Nxa5 18. Bg5 Nb3 19. Ra3 Qb6 20. Re1 Bf5 21. Nb5
Nd4 22. Nxd6 Qxb2 23. Rae3 h6 24. Nxf5 Nxf5 25. R3e2 Qd4 26. Be3 Qg4 27. Bxc5
Kh7 28. h3 Qf4 29. Qd2 Nh5 30. Qxf4 Nxf4 31. Rc2 Nd3 32. Rd1 Nxc5 33. Rxc5 Be5
34. d6 1-0

[Event "Open Tabor 2019"]
[Site "?"]
[Date "2019.07.31"]
[Round "5.5"]
[White "Petrak, Robert"]
[Black "Kotal, Vaclav"]
[Result "0-1"]
[WhiteElo "2017"]
[BlackElo "2205"]
[PlyCount "50"]
[SourceDate "2019.07.29"]

1. e3 d5 2. Ne2 e5 3. g3 Nc6 4. Bg2 Nf6 5. d4 Be7 6. O-O Bg4 7. h3 Bf5 8. g4
Be4 9. f3 Bg6 10. dxe5 Nd7 11. f4 Be4 12. Bxe4 dxe4 13. Ng3 h5 14. Nxe4 hxg4
15. hxg4 Bb4 16. Kg2 Qe7 17. Nbc3 O-O-O 18. Nd5 Qe6 19. Ng5 Qg6 20. Bd2 Bxd2
21. Qxd2 Ndxe5 22. Rh1 Nxg4 23. Rxh8 Rxh8 24. Rh1 Rd8 25. Rd1 Rxd5 0-1

[Event "Open Tabor 2019"]
[Site "?"]
[Date "2019.07.31"]
[Round "5.6"]
[White "Brom, Jiri"]
[Black "Volodin, Viktor"]
[Result "0-1"]
[WhiteElo "2018"]
[BlackElo "2178"]
[PlyCount "52"]
[SourceDate "2019.07.29"]

1. d4 d5 2. Nf3 e6 3. e3 Nf6 4. Bd3 b6 5. O-O Bb7 6. b3 Be7 7. Bb2 Nbd7 8. Nbd2
Ne4 9. c4 O-O 10. Rc1 Rc8 11. Qe2 c5 12. Rfd1 Rc7 13. Rb1 Qa8 14. dxc5 Nxd2 15.
Nxd2 bxc5 16. cxd5 exd5 17. Qg4 Bf6 18. Bxf6 Nxf6 19. Qg3 Rc6 20. Rbc1 d4 21.
exd4 cxd4 22. Rxc6 Bxc6 23. Nc4 Re8 24. Ne5 Be4 25. Bxe4 Nxe4 26. Qf4 f6 0-1

[Event "Open Tabor 2019"]
[Site "?"]
[Date "2019.07.31"]
[Round "5.7"]
[White "Rolinek, Dominik"]
[Black "Chval, Zdenek"]
[Result "1-0"]
[WhiteElo "2004"]
[BlackElo "2145"]
[PlyCount "93"]
[SourceDate "2019.07.29"]

1. c4 Nf6 2. Nc3 g6 3. g3 Bg7 4. Bg2 d6 5. Nf3 e5 6. d3 O-O 7. O-O Nbd7 8. Rb1
Nh5 9. b4 f5 10. Qb3 c6 11. Ng5 Ndf6 12. b5 c5 13. Nd5 h6 14. Nxf6+ Nxf6 15.
Nf3 g5 16. e3 Qe7 17. Rd1 Qf7 18. h4 Qh5 19. Qc2 Be6 20. Bb2 Rae8 21. b6 a6 22.
hxg5 hxg5 23. Nh2 Rf7 24. d4 exd4 25. exd4 Rfe7 26. dxc5 dxc5 27. Ba3 Nd7 28.
Bxb7 Bf7 29. Qxf5 Bg6 30. Qd5+ Kh7 31. Qf3 Qxf3 32. Nxf3 Bxb1 33. Rxb1 Kh6 34.
Bc6 Rc8 35. Bxd7 Rxd7 36. Bxc5 Rxc5 37. b7 Rxb7 38. Rxb7 Ra5 39. c5 Bf6 40. Nd2
Rxa2 41. Ne4 Bd4 42. Rd7 Be5 43. Re7 Bb8 44. Re6+ Kh5 45. Nf6+ Kg6 46. Nd7+ Kf7
47. Rc6 1-0

[Event "Open Tabor 2019"]
[Site "?"]
[Date "2019.07.31"]
[Round "5.8"]
[White "Stinka, Jakub"]
[Black "Zidu, Jan"]
[Result "1-0"]
[WhiteElo "2135"]
[BlackElo "1852"]
[PlyCount "25"]
[SourceDate "2019.07.29"]

1. e4 e6 2. d4 d5 3. Nd2 dxe4 4. Nxe4 Nd7 5. Nf3 Ngf6 6. Bd3 Nxe4 7. Bxe4 Nf6
8. Bd3 c5 9. dxc5 Bxc5 10. O-O O-O 11. Bg5 b6 12. Qe2 Be7 13. Bxf6 1-0

[Event "Open Tabor 2019"]
[Site "?"]
[Date "2019.07.31"]
[Round "5.9"]
[White "Christen, Pierre"]
[Black "Zilavy, Jan"]
[Result "0-1"]
[WhiteElo "1862"]
[BlackElo "2118"]
[PlyCount "58"]
[SourceDate "2019.07.29"]

1. c4 e5 2. g3 Nc6 3. Nc3 f5 4. Bg2 Nf6 5. d3 Bb4 6. Bd2 O-O 7. Nd5 Bxd2+ 8.
Qxd2 d6 9. e3 Ne7 10. Ne2 c6 11. Nxf6+ Rxf6 12. f4 Qe8 13. O-O Rh6 14. Nc3 Be6
15. c5 dxc5 16. fxe5 Rd8 17. Qe2 Ng6 18. e4 Qd7 19. exf5 Bxf5 20. Be4 Qd4+ 21.
Kh1 Bh3 22. Bg2 Bxg2+ 23. Qxg2 Nxe5 24. Rf4 Qd7 25. Qe4 Qh3 26. Rf2 Ng4 27. Re2
Qxg3 28. Qe6+ Rxe6 29. hxg3 Rh6+ 0-1

[Event "Open Tabor 2019"]
[Site "?"]
[Date "2019.07.31"]
[Round "5.10"]
[White "Otradovec, Lubos"]
[Black "Mikulas, Dusan"]
[Result "1/2-1/2"]
[WhiteElo "1843"]
[BlackElo "2010"]
[PlyCount "34"]
[SourceDate "2019.07.29"]

1. e4 c5 2. Nf3 d6 3. Bb5+ Nc6 4. c3 a6 5. Bxc6+ bxc6 6. d4 cxd4 7. cxd4 g6 8.
O-O Bg7 9. Nc3 Nh6 10. h3 O-O 11. Bf4 f6 12. Qb3+ Kh8 13. Rfd1 Qc7 14. Rac1 Rb8
15. Qc4 Qb7 16. b3 Bd7 17. Bh2 Nf7 1/2-1/2

[Event "Open Tabor 2019"]
[Site "?"]
[Date "2019.07.31"]
[Round "5.16"]
[White "Straka, Zdenek"]
[Black "Bartos, Alois"]
[Result "0-1"]
[WhiteElo "1730"]
[BlackElo "1953"]
[PlyCount "127"]
[SourceDate "2019.07.29"]

1. e4 c5 2. c3 d5 3. exd5 Qxd5 4. d4 Nf6 5. Nf3 e6 6. a3 Nc6 7. Be3 Ng4 8. Nbd2
Nxe3 9. fxe3 cxd4 10. Bc4 Qh5 11. exd4 Be7 12. O-O O-O 13. Qe2 Bd7 14. Rae1
Rae8 15. Kh1 Bd6 16. Ne4 Be7 17. Qd2 Rd8 18. Ng3 Qa5 19. Bd3 Rde8 20. Bc2 Qd8
21. Qd3 g6 22. b4 a6 23. a4 b5 24. a5 Qc7 25. Ne4 Kg7 26. Nc5 Bc8 27. Qe3 Qd8
28. Qf2 Bxc5 29. dxc5 f6 30. Rd1 Qe7 31. Rd6 Nd8 32. Rfd1 Nf7 33. R6d2 Rd8 34.
Nd4 e5 35. Re1 Qc7 36. Qg3 Rfe8 37. Rde2 Rd7 38. Nf5+ Kf8 39. Nh4 Ng5 40. Rf1
Kg7 41. Rxf6 Kxf6 42. Rf2+ Kg7 43. Qxg5 Qd8 44. Nf5+ Kh8 45. Qxd8 Rexd8 46. Nd6
Kg7 47. h3 Rxd6 48. cxd6 Rxd6 49. Kg1 Bb7 50. Re2 Kf6 51. Kf2 Bd5 52. Rd2 Ke6
53. g3 Rc6 54. Rd3 e4 55. Re3 Ke5 56. Bd1 Rf6+ 57. Ke1 Bc4 58. Be2 Bxe2 59.
Kxe2 Kd5 60. g4 Rf3 61. c4+ bxc4 62. b5 Rxe3+ 63. Kxe3 axb5 64. a6 0-1

[Event "Open Tabor 2019"]
[Site "?"]
[Date "2019.07.31"]
[Round "5.11"]
[White "Kubin, Petr"]
[Black "Hasek, Vaclav"]
[Result "1/2-1/2"]
[WhiteElo "1997"]
[BlackElo "1929"]
[PlyCount "99"]
[SourceDate "2019.07.29"]

1. e4 Nf6 2. e5 Nd5 3. d4 d6 4. Nf3 Bg4 5. c4 Nb6 6. exd6 exd6 7. Be2 Be7 8.
O-O O-O 9. Nc3 Nc6 10. b3 d5 11. c5 Nc8 12. Bf4 a6 13. Ne5 Bxe2 14. Nxe2 N8a7
15. Nf3 Bf6 16. Qd2 Ne7 17. Ng3 g6 18. Bh6 Bg7 19. Rfe1 Nac6 20. Re2 Qd7 21.
Bxg7 Kxg7 22. Qg5 Ng8 23. Rae1 Rae8 24. Rxe8 Rxe8 25. Rxe8 Qxe8 26. Qxd5 Nf6
27. Qc4 Qd7 28. h3 Qd5 29. Qc3 h5 30. Qe3 b6 31. cxb6 cxb6 32. Nh4 Kh7 33. Nf3
Kg7 34. Ne2 Qe4 35. Nc3 Qf5 36. a3 Nd5 37. Nxd5 Qxd5 38. Qd3 a5 39. Qc4 Qd6 40.
a4 f6 41. Kf1 g5 42. Kg1 Kf8 43. d5 Ne7 44. Qc3 Nxd5 45. Qc8+ Kg7 46. Nd4 Ne7
47. Qc4 Qd5 48. Qd3 Kf8 49. Qe3 Kf7 50. g4 1/2-1/2

[Event "Open Tabor 2019"]
[Site "?"]
[Date "2019.07.31"]
[Round "5.12"]
[White "Eretova, Jana"]
[Black "Pavlicek, Petr"]
[Result "1/2-1/2"]
[WhiteElo "1981"]
[BlackElo "1828"]
[PlyCount "59"]
[SourceDate "2019.07.29"]

1. Nf3 Nf6 2. g3 g6 3. Bg2 Bg7 4. O-O O-O 5. d3 d5 6. Nbd2 c5 7. e4 Nc6 8. Re1
Re8 9. c3 e5 10. exd5 Nxd5 11. Nc4 h6 12. h4 Nb6 13. Be3 Bg4 14. Qd2 Bxf3 15.
Bxf3 Nxc4 16. dxc4 Qxd2 17. Bxd2 Rac8 18. Rad1 Kf8 19. Be3 b6 20. Bxc6 Rxc6 21.
Rd7 Re7 22. Rd5 f5 23. Red1 Kf7 24. f3 Ke6 25. Kf2 Rf7 26. Rd8 Re7 27. a4 Rb7
28. R8d5 Bf8 29. Rd8 Bg7 30. R8d5 1/2-1/2

[Event "Open Tabor 2019"]
[Site "?"]
[Date "2019.07.31"]
[Round "5.13"]
[White "Toman, Antonin"]
[Black "Musil, Vitezslav"]
[Result "1/2-1/2"]
[WhiteElo "1820"]
[BlackElo "1978"]
[PlyCount "74"]
[SourceDate "2019.07.29"]

1. e4 e6 2. d4 d5 3. Nd2 Nc6 4. c3 e5 5. dxe5 dxe4 6. Bb5 Bd7 7. Nxe4 Nxe5 8.
Bxd7+ Qxd7 9. Qxd7+ Nxd7 10. Bf4 O-O-O 11. O-O-O h6 12. Ne2 g5 13. Be3 f5 14.
Nd2 Ngf6 15. Bd4 c5 16. Bxf6 Nxf6 17. Nf3 Bd6 18. h3 Ne4 19. Rhf1 Rhe8 20. Nd2
Nf6 21. Rfe1 Bc7 22. Kc2 g4 23. Ng1 Bf4 24. Rxe8 Rxe8 25. g3 Bc7 26. hxg4 fxg4
27. Kd3 b5 28. b3 Bb6 29. c4 a6 30. Ne2 Bc7 31. Nc3 Rd8+ 32. Ke3 b4 33. Nce4
Nxe4 34. Kxe4 Rd4+ 35. Ke3 Bd8 36. Ke2 Bf6 37. Nf1 Kd7 1/2-1/2

[Event "Open Tabor 2019"]
[Site "?"]
[Date "2019.07.31"]
[Round "5.14"]
[White "Gruber, Milos"]
[Black "Slajs, Vlastimil"]
[Result "1/2-1/2"]
[WhiteElo "1937"]
[BlackElo "1769"]
[PlyCount "45"]
[SourceDate "2019.07.29"]

1. e4 e5 2. Nf3 Nc6 3. d4 exd4 4. Nxd4 Bc5 5. Be3 Qf6 6. c3 Nge7 7. Bc4 O-O 8.
O-O Bb6 9. Qd2 h6 10. Na3 d6 11. Nab5 Ne5 12. Be2 a6 13. Na3 Ng4 14. Bf4 Ng6
15. Bg3 Re8 16. h3 N4e5 17. Rae1 Bd7 18. Nac2 Nc6 19. Bd1 Re7 20. Kh1 Rae8 21.
f3 Nge5 22. b3 Qg6 23. h4 1/2-1/2

[Event "Open Tabor 2019"]
[Site "?"]
[Date "2019.07.31"]
[Round "5.15"]
[White "Hurtak, Otto"]
[Black "Habada, Jindrich"]
[Result "1/2-1/2"]
[WhiteElo "2048"]
[BlackElo "1727"]
[PlyCount "59"]
[SourceDate "2019.07.29"]

1. d4 Nf6 2. Nf3 c5 3. e3 cxd4 4. exd4 d5 5. c4 e6 6. Nc3 Be7 7. cxd5 exd5 8.
Bb5+ Bd7 9. Bxd7+ Nbxd7 10. O-O O-O 11. Ne5 Nb6 12. Bg5 h6 13. Bh4 Rc8 14. Rc1
Nc4 15. Nxc4 Rxc4 16. Re1 Rb4 17. Rxe7 Qxe7 18. Nxd5 Qe4 19. Nxb4 Qxh4 20. h3
Rd8 21. Nc2 Qf4 22. Ne3 Rxd4 23. Rc8+ Kh7 24. Qc2+ g6 25. Rc4 Kg7 26. Qc3 Rxc4
27. Qxc4 Qe5 28. Qc2 b5 29. a3 a5 30. Qd2 1/2-1/2

[Event "Open Tabor 2019"]
[Site "?"]
[Date "2019.07.31"]
[Round "5.17"]
[White "Rolinkova, Lucie"]
[Black "Kovar, Petr"]
[Result "1-0"]
[WhiteElo "1703"]
[BlackElo "1937"]
[PlyCount "57"]
[SourceDate "2019.07.29"]

1. d4 c5 2. c3 Nf6 3. Bf4 e6 4. Nf3 Nc6 5. e3 a6 6. Nbd2 d5 7. Bd3 Bd6 8. Bg3
Qe7 9. Ne5 Bxe5 10. dxe5 Nd7 11. Nf3 g5 12. h3 h6 13. e4 d4 14. cxd4 cxd4 15.
a3 Qc5 16. Rc1 Qa5+ 17. Ke2 Qb6 18. b4 Nf8 19. Qa4 Ra7 20. Rc4 Bd7 21. Qc2 Ng6
22. Rc1 O-O 23. Qd2 f6 24. exf6 e5 25. Rc5 Rxf6 26. Nxe5 Ncxe5 27. Bxe5 Nf4+
28. Bxf4 Rxf4 29. Bc4+ 1-0

[Event "Open Tabor 2019"]
[Site "?"]
[Date "2019.07.31"]
[Round "5.18"]
[White "Rybin, Jan"]
[Black "Herynek, Petr"]
[Result "1/2-1/2"]
[WhiteElo "1900"]
[BlackElo "1612"]
[PlyCount "78"]
[SourceDate "2019.07.29"]

1. d4 Nf6 2. Nf3 g6 3. g3 Bg7 4. Bg2 O-O 5. c4 d5 6. O-O dxc4 7. Na3 Nc6 8.
Nxc4 Re8 9. Re1 Bf5 10. Nfe5 Be4 11. Nxc6 Bxc6 12. Bxc6 bxc6 13. Ne5 Qd5 14.
Qc2 Qxd4 15. Nxc6 Qg4 16. Bf4 Qh3 17. e4 Ng4 18. f3 e5 19. Bg5 Nf6 20. Be3 a6
21. Red1 h5 22. Rac1 h4 23. Qg2 Qxg2+ 24. Kxg2 hxg3 25. hxg3 Bf8 26. Bc5 Bh6
27. Rc2 Re6 28. Bb4 a5 29. Nxa5 Rea6 30. Nc4 Rxa2 31. Ba3 Bf8 32. Rcd2 Bxa3 33.
bxa3 Rxd2+ 34. Rxd2 Ra4 35. Rc2 Nd7 36. Rc3 Kf8 37. Nb2 Ra7 38. Kf2 Ke7 39. Ke3
Nb6 1/2-1/2

[Event "Open Tabor 2019"]
[Site "?"]
[Date "2019.07.31"]
[Round "5.19"]
[White "Svetly, Jiri"]
[Black "Chval, Zdenek"]
[Result "1-0"]
[WhiteElo "1895"]
[BlackElo "1700"]
[PlyCount "53"]
[SourceDate "2019.07.29"]

1. d4 Nf6 2. c4 g6 3. Nc3 Bg7 4. e4 d6 5. Bg5 O-O 6. Qd2 Nbd7 7. f4 h6 8. Bh4
c5 9. d5 Re8 10. Bd3 Nb6 11. h3 e6 12. Nge2 exd5 13. cxd5 a6 14. O-O Qc7 15.
Rac1 Nbd7 16. a4 c4 17. Bc2 Nc5 18. e5 dxe5 19. d6 Qb6 20. Kh1 exf4 21. Bxf6
Bxf6 22. Qxf4 Re6 23. Nd5 Qxb2 24. Nxf6+ Kg7 25. Ne8+ Kh8 26. Qxf7 Rxe2 27.
Qf8+ 1-0

[Event "Open Tabor 2019"]
[Site "?"]
[Date "2019.07.31"]
[Round "5.20"]
[White "Mihal, Sergej"]
[Black "SvecVitezslav"]
[Result "1-0"]
[WhiteElo "1890"]
[BlackElo "1609"]
[PlyCount "87"]
[SourceDate "2019.07.29"]

1. e4 e6 2. g3 d5 3. exd5 exd5 4. d4 c6 5. Bg2 Nf6 6. Ne2 Bd6 7. O-O O-O 8. Bf4
Bf5 9. Nd2 Bxf4 10. Nxf4 Qb6 11. Nb3 Nbd7 12. h3 Qc7 13. Qd2 Ne4 14. Bxe4 Bxe4
15. f3 Bf5 16. Kg2 h6 17. Rf2 Nf6 18. Re1 Rae8 19. Rfe2 Rxe2+ 20. Rxe2 Re8 21.
Rxe8+ Nxe8 22. Qe3 Nf6 23. c3 Qc8 24. g4 Bd7 25. Nc5 b6 26. Nxd7 Qxd7 27. Nd3
Qc7 28. b4 Kf8 29. Qe5 Qc8 30. Qd6+ Kg8 31. Ne5 Qa6 32. Qd8+ Kh7 33. Nxf7 Qe2+
34. Kg3 Qe1+ 35. Kf4 Qd2+ 36. Kf5 Qd3+ 37. Ke6 Qe3+ 38. Ne5 Qxc3 39. Kf7 Qxd4
40. Ng6 Ne8 41. Nf8+ Kh8 42. Kxe8 Qxb4 43. Ng6+ Kh7 44. Kf7 1-0

[Event "Open Tabor 2019"]
[Site "?"]
[Date "2019.07.31"]
[Round "5.21"]
[White "Vavrousek, Petr"]
[Black "Lizner, Milan"]
[Result "1/2-1/2"]
[WhiteElo "1686"]
[BlackElo "1884"]
[PlyCount "76"]
[SourceDate "2019.07.29"]

1. e4 c5 2. Nf3 Nc6 3. d4 cxd4 4. Nxd4 e5 5. Nb5 a6 6. Nd6+ Bxd6 7. Qxd6 Qf6 8.
Qa3 Nge7 9. Be3 d5 10. exd5 Nxd5 11. Bd2 Be6 12. Bd3 Qe7 13. Qxe7+ Ndxe7 14.
Nc3 f5 15. f3 Nb4 16. O-O Nxd3 17. cxd3 O-O 18. Rfe1 Nc6 19. f4 Rae8 20. fxe5
Nb4 21. d4 Nc2 22. Rac1 Nxe1 23. Rxe1 Rd8 24. Be3 Bd5 25. a3 Bb3 26. Ne2 Rc8
27. Nc3 b5 28. Kf1 Rcd8 29. Ne2 Kf7 30. Nc1 Bc2 31. Na2 a5 32. Nc3 Bd3+ 33. Ne2
Bxe2+ 34. Kxe2 Ke6 35. Kd3 Kd5 36. h4 Rc8 37. Bc1 Rc6 38. Bd2 Re6 1/2-1/2

[Event "Open Tabor 2019"]
[Site "?"]
[Date "2019.07.31"]
[Round "5.22"]
[White "Petr, Josef"]
[Black "Krbusik, Marian"]
[Result "0-1"]
[WhiteElo "1586"]
[BlackElo "1881"]
[PlyCount "53"]
[SourceDate "2019.07.29"]

1. d4 d5 2. Nf3 Nf6 3. e3 e6 4. c4 c6 5. Nc3 Nbd7 6. cxd5 exd5 7. Bd3 Bd6 8.
O-O O-O 9. Qc2 Re8 10. e4 dxe4 11. Nxe4 Nxe4 12. Bxe4 h6 13. Be3 Nf6 14. Bf5
Qa5 15. Bxc8 Raxc8 16. a3 Ng4 17. Rae1 Qh5 18. h3 Nxe3 19. fxe3 Bg3 20. Re2 Re6
21. e4 Rce8 22. Nh2 Qg6 23. e5 Bxh2+ 24. Kxh2 Qxc2 25. Rxc2 Rd8 26. Rd2 Rxe5
27. h4 0-1

[Event "Open Tabor 2019"]
[Site "?"]
[Date "2019.07.31"]
[Round "5.23"]
[White "Privoznik, Lubos"]
[Black "Mosnicka, Jan"]
[Result "1/2-1/2"]
[WhiteElo "1566"]
[BlackElo "1810"]
[PlyCount "29"]
[SourceDate "2019.07.29"]

1. e4 Nf6 2. e5 Nd5 3. d4 d6 4. c4 Nb6 5. exd6 exd6 6. Nf3 Be7 7. Bf4 Bg4 8.
Nbd2 Nc6 9. Be2 Bf6 10. Be3 O-O 11. a3 a5 12. b3 Nd7 13. h3 Bf5 14. g4 Bg6 15.
h4 1/2-1/2

[Event "Open Tabor 2019"]
[Site "?"]
[Date "2019.07.31"]
[Round "5.24"]
[White "Kaucky, Jaroslav"]
[Black "Alexa, Jaroslav"]
[Result "1-0"]
[WhiteElo "1534"]
[BlackElo "1734"]
[PlyCount "39"]
[SourceDate "2019.07.29"]

1. f4 d5 2. d4 Nf6 3. Nf3 e6 4. e3 c5 5. c3 Nc6 6. Bb5 Bd7 7. Nbd2 a6 8. Ba4 b5
9. Bc2 Qc7 10. h3 cxd4 11. cxd4 Be7 12. O-O O-O 13. Ne5 Nb4 14. Bb1 Rac8 15.
Rf2 Qxc1 16. Bxh7+ Kxh7 17. Rxc1 Rxc1 18. Qxc1 Rc8 19. Qb1+ Nc2 20. Ndf3 1-0

[Event "Open Tabor 2019"]
[Site "?"]
[Date "2019.07.31"]
[Round "5.25"]
[White "Havluj, Zdenek"]
[Black "Prochazka, Pavel"]
[Result "1-0"]
[WhiteElo "1890"]
[BlackElo "1681"]
[PlyCount "63"]
[SourceDate "2019.07.29"]

1. e4 e5 2. Nc3 Nf6 3. f4 d6 4. Nf3 Bg4 5. h3 Bxf3 6. Qxf3 Nc6 7. Bb5 Qd7 8.
Nd5 Be7 9. Nxe7 Kxe7 10. c3 a6 11. Ba4 b5 12. Bc2 h6 13. O-O Rhd8 14. d3 Kf8
15. fxe5 Nxe5 16. Qf2 Ng8 17. d4 Nc6 18. Bb3 f6 19. Bf4 Na5 20. Bc2 Ne7 21.
Bxh6 gxh6 22. Qxf6+ Kg8 23. Qf7+ Kh8 24. Qf6+ Kg8 25. Qxh6 Nec6 26. Rf4 Rf8 27.
Rg4+ Kf7 28. Rg7+ Ke8 29. Rxd7 Kxd7 30. Qg7+ Ne7 31. e5 Rae8 32. Re1 1-0

[Event "Open Tabor 2019"]
[Site "?"]
[Date "2019.07.31"]
[Round "5.26"]
[White "Prachar, Josef"]
[Black "Cipera, Josef"]
[Result "1/2-1/2"]
[WhiteElo "1789"]
[BlackElo "1649"]
[PlyCount "40"]
[SourceDate "2019.07.29"]

1. d4 Nf6 2. Nf3 g6 3. c4 Bg7 4. Nc3 O-O 5. e4 d6 6. h3 e5 7. d5 a5 8. Be3 Na6
9. Bd3 Qe7 10. a3 Bd7 11. Bc2 Rfb8 12. O-O Nh5 13. Qd2 f5 14. Bg5 Qf7 15. exf5
gxf5 16. Nh4 Rf8 17. Bh6 Qf6 18. Bg5 Qf7 19. Bh6 Qf6 20. Bg5 Qf7 1/2-1/2

[Event "Open Tabor 2019"]
[Site "?"]
[Date "2019.07.31"]
[Round "5.28"]
[White "Policar, Martin"]
[Black "Chmelik, Benedikt"]
[Result "0-1"]
[WhiteElo "1045"]
[BlackElo "1558"]
[PlyCount "62"]
[SourceDate "2019.07.29"]

1. e4 c5 2. Nf3 d6 3. Bc4 Nc6 4. d4 cxd4 5. Nxd4 Nf6 6. Bb5 Bd7 7. Nc3 a6 8.
Bxc6 Bxc6 9. Nxc6 bxc6 10. Bf4 g6 11. e5 Nh5 12. g3 Nxf4 13. gxf4 Bh6 14. exd6
Qxd6 15. Qxd6 exd6 16. Ne2 O-O 17. O-O-O Rfe8 18. Rde1 Re4 19. Nc3 Rxe1+ 20.
Rxe1 Bxf4+ 21. Kb1 Bxh2 22. Ne4 Re8 23. Nf6+ Kg7 24. Nxe8+ Kf8 25. Nf6 h5 26.
Nh7+ Kg7 27. Ng5 Kf6 28. Rh1 Kxg5 29. Rxh2 d5 30. Kc1 Kf4 31. Rg2 Kf5 0-1

[Event "Open Tabor 2019"]
[Site "?"]
[Date "2019.07.31"]
[Round "5.29"]
[White "Lapunik, Pavel"]
[Black "Kotal, Vit"]
[Result "0-1"]
[WhiteElo "1725"]
[BlackElo "1556"]
[PlyCount "74"]
[SourceDate "2019.07.29"]

1. d4 Nf6 2. Bg5 g6 3. c3 Bg7 4. Nd2 O-O 5. e4 d6 6. Bxf6 exf6 7. Bd3 Nc6 8. f3
Ne7 9. Qc2 f5 10. O-O-O c6 11. h3 d5 12. g4 fxe4 13. fxe4 c5 14. Ngf3 b6 15.
Rhe1 Bb7 16. Kb1 Rc8 17. Bf1 cxd4 18. e5 Nc6 19. cxd4 Nxd4 20. Qxc8 Qxc8 21.
Nxd4 a6 22. N2f3 Re8 23. Rc1 Qd7 24. Bd3 Bf8 25. Rc2 Bh6 26. g5 Bf8 27. h4 Bc5
28. e6 fxe6 29. Ne5 Qg7 30. Ndf3 Bd6 31. Ng4 Kh8 32. Nf6 Re7 33. Nd4 Bc5 34.
Nxe6 Qf7 35. Rec1 Bb4 36. Nd8 Qf8 37. Nxb7 Re1 0-1

[Event "Open Tabor 2019"]
[Site "?"]
[Date "2019.07.31"]
[Round "5.30"]
[White "Novak, Rudolf"]
[Black "Postl, Frantisek"]
[Result "1-0"]
[WhiteElo "1499"]
[BlackElo "1203"]
[PlyCount "30"]
[SourceDate "2019.07.29"]

1. e4 e5 2. Nf3 Nc6 3. Nc3 Nf6 4. Bb5 a6 5. Bxc6 bxc6 6. Nxe5 Bb7 7. O-O d6 8.
Ng4 g6 9. d4 Bg7 10. Bg5 O-O 11. Qf3 c5 12. Nd5 Qd7 13. Bxf6 h5 14. Nge3 Bxf6
15. Qxf6 c6 1-0

[Event "Open Tabor 2019"]
[Site "?"]
[Date "2019.07.31"]
[Round "5.31"]
[White "Slaby, Martin"]
[Black "Glacner, Karel"]
[Result "0-1"]
[WhiteElo "1164"]
[BlackElo "1474"]
[PlyCount "95"]
[SourceDate "2019.07.29"]

1. c4 e5 2. b3 Bc5 3. e3 Qe7 4. Bb2 Nf6 5. d3 O-O 6. a3 a5 7. Nd2 Nc6 8. Ngf3
b6 9. Be2 Bb7 10. O-O h6 11. Qc2 d5 12. cxd5 Nxd5 13. Rfe1 Qf6 14. Ne4 Qe7 15.
d4 Bd6 16. dxe5 Nxe5 17. Nxd6 cxd6 18. Nxe5 dxe5 19. Bf3 Rac8 20. Qd3 Rfd8 21.
Qe2 Nc3 22. Bxc3 Bxf3 23. Qxf3 Rxc3 24. Reb1 Qc7 25. b4 Rc8 26. g3 a4 27. b5
Qe7 28. Qe4 R8c4 29. Qa8+ Kh7 30. Rb4 Rxb4 31. axb4 Qxb4 32. Rxa4 Qb1+ 33. Kg2
Rc5 34. Qe4+ Qxe4+ 35. Rxe4 Rxb5 36. f4 f5 37. Rxe5 Rxe5 38. fxe5 Kg8 39. Kf2
Kf7 40. Ke2 Ke6 41. Kd3 Kxe5 42. Kc4 Ke4 43. Kb5 Kxe3 44. Kxb6 Kf2 45. Kc5 Kg2
46. Kd5 Kxh2 47. Ke5 Kxg3 48. Kxf5 0-1

[Event "Open Tabor 2019"]
[Site "?"]
[Date "2019.07.31"]
[Round "5.32"]
[White "Kubes, Patrik"]
[Black "Vojta, Ladislav"]
[Result "0-1"]
[WhiteElo "1000"]
[BlackElo "1471"]
[PlyCount "52"]
[SourceDate "2019.07.29"]

1. c4 f5 2. Nc3 Nf6 3. d3 e6 4. Bg5 c6 5. Qc2 d5 6. Rd1 d4 7. Nb1 h6 8. Bc1 c5
9. g3 Qa5+ 10. Bd2 Qxa2 11. Na3 Na6 12. Rb1 Nb4 13. Qd1 Bd7 14. Nb5 Qa5 15. Ra1
Qb6 16. Bg2 Bxb5 17. cxb5 Qxb5 18. Nf3 Bd6 19. O-O Qd7 20. Qb3 Nbd5 21. Ra4 O-O
22. Nh4 b5 23. Ra5 a6 24. Rc1 Bc7 25. Ra2 a5 26. e4 Nb4 0-1